Quizzes
Events
Quiz Creation
Community
Videos
Private Events
Remove Ads
Sign In
Join for FREE
Feedback
Dark Mode
Quiz Categories
Sports
Geography
Music
Movies
Television
Just For Fun
Miscellaneous
History
Literature
Language
Science
Gaming
Entertainment
Religion
Holiday
For Kids
Quiz Lab
Recent
Popular Today
Quiz Kudos Today
Editor Picks
Curator Picks
Quizzes by...
Day
Popularity
Type
Ratings
Length
Year
Community
Subscriptions
Recent Discussions
Orange Saloon
Badges
Playlists
Quests
Create
Leaderboards
Showdown
Live 5
Trivia Bingo
Activity
Puzzle Library
Sporcle Events
Private Events
Virtual Trivia
Globe League
Become a Host
Pub Owners
SporcleCon
Opinionation
Our Games
Videos
Blog
Mobile Apps
Partnerships
Remove Ads and Go Orange
Feedback
Sports
Athletes
MLB
NBA
NHL
NFL
Soccer
Sports Teams
WWE
NCAA
Football
Premier League
Basketball
Baseball
Hockey
Golf
Tennis
Cricket
Rugby
Auto Racing
Olympics
World Cup
Sports
Athletes
MLB
NBA
NHL
NFL
Soccer
Sports Teams
WWE
NCAA
Football
Premier League
Basketball
Baseball
Hockey
Golf
Tennis
Cricket
Rugby
Auto Racing
Olympics
World Cup
Random Quiz
Search Sporcle
×
Quiz Lab
Quiz Lab
Sports
Letter
Type in answers that appear in a list
Type in answers that appear in a list
Classic
Best Score? Go Orange.
Colorado Avalanche A-Z Stats
Can you name the Colorado Avalanche A-Z?
By
lyssos
10m
26 Questions
331 Plays
331 Plays
331 Plays
Comments
Comments
Give Quiz Kudos
Give Quiz Kudos
-
- Ratings
hide this ad
Replay
Link that replays current quiz
Next Quiz
Link to next quiz in quiz playlist
You Got
0%
They Got
Avg Score
66%
Avg Friend Score
Upgrade to see
Score Distribution
Jump to the score distribution portion of the page
Score
0/26
Timer
10:00
0
Plays Today
clue
answer
% Correct
_
_
_
_
_
Deadmarsh played for Team USA in the 1998 and the 2002 Winter Olympics
Adam
93.7%
Home City
Denver
93.7%
AHL team is the Lake _
_
_
_
Monsters
Erie
91.5%
Former City/
Team
Quebec Nordiques
91.2%
Home Arena
Pepsi Center
88.5%
Last name of #33 (retired)
Roy
87.3%
Most games for the Avalanche (last name)
Sakic
86.7%
Forsberg has won this Trophy in 2003
Hart Memorial Trophy
84.3%
Claude played four seasons for the Avalanche
Lemieux
83.4%
Conference
Western
83.4%
Last Name of Slovakian Goalie
Budaj
78.2%
There's the Foot of a _
_
_
_
_
_
in Avalanche's alternate logo
Yeti
77.6%
Tony is retired Winger and a former head coach of the Avalanche
Granato
72.5%
clue
answer
% Correct
Last name of #54. First name is David
Jones
71.3%
Ryan is 19 year old Center and his brother Cal plays for the Nashville Predators
O'Reilly
69.8%
Peter Forsberg's nickname
Foppa
68.9%
First name of American Goalie
Craig
66.5%
This German is famous for the Stanley Cup-
clinching goal for the Avalanche in 1996
Uwe Krupp
52.9%
Forsberg's Current Team
MoDo Hockey
52%
First GM of Avalanche has an X on his name. Pierre _
_
_
_
_
_
_
Lacroix
48.3%
Brandon Yip is 3/
4 Chinese and 1/
4 _
_
_
_
_
Irish
43.5%
This TV-
character can be found in Slovakian Goalie's Mask
Ned Flanders
37.5%
There are three Czechs in Current roster of Avalanche: Milan Hejduk, Tomas Fleischmann and David _
_
_
_
Koci
36%
First name of former Finnish Winger who won Stanley Cup in 2001
Ville
35.6%
TJ Galiardi's first name is _
_
_
_
_
_
_
Terry
16.9%
Birth City of John-
Michael Liles
Zionsville
12.4%
Quiz Playlist
Details
Report
Send in Message
Add To Playlist
Classic:
Type in answers that appear in a list
Last Updated: Feb 16, 2017
Quiz Scoreboard
CHALLENGE
Sign Up to Join the Scoreboard
Show All
Scores
Hide
Comments
May contain spoilers
Recently Published
College Basketball Coaching Resumes
by pancakes188
Sports
9m
Billboard Blitz: Fleetwood Mac
by CooCooCachoo
Music
15s
Presidents Visiting Landmarks
by Hejman
History
7m
More to Explore
Quiz From the Vault
Featured Blog Post
Where Did the Easter Bunny Come From?
hide this ad
You Might Also Like...
Tags
Letter Quiz
A-Z
colorado
Colorado Avalanche
Today's Top Quizzes in Sports
Browse Sports
hide this ad
Today's Top Quizzes in Letter
Browse Letter
Top Contributed Quizzes in Sports
1
Les meilleurs buteurs des matchs entre le PSG et l’OM
2
2022 World Cup Stars
3
FIFA Club World Cup Champions
4
Les entraîneurs de l'OM et du PSG au 21e siècle
5
Criteria MLB: Left Handed Sluggers
6
AFC Teams Reveal (Wrong Answers Minefield)
7
5-to-1: UK Sports Teams
8
Name the Premier League winners with different clubs
9
5-to-1: FBS Animal Nicknames
10
Players with Multiple 50 Home Run Seasons
Explore More
Trending Topics
Marvel
Crossword
Disney
Kpop
Anime
Harry Potter
NBA
Song
NFL
WWE
Soccer
Pokémon
Puzzle
Country
The Office
hide this ad
More By:
lyssos
Quiz
Plays
Rating
Category
Featured
Created
Boston Bruins A-Z
415
1.25
Sports
Dec 7, 2010
Colorado Avalanche A-Z
331
4.67
Sports
Dec 14, 2010
Chicago Blackhawks A-Z
320
1.33
Sports
Dec 9, 2010
nhl starting line ups 2010-11
265
2.33
Sports
Oct 11, 2010
SM-liigan kapteenit 2010-11
170
Sports
Oct 12, 2010
Go to Creator's Profile
Score Distribution
Quiz Creator Spotlight
lyssos
Follow
Send a Message
Quizzes Created
-
Created Quiz Play Count
-
More By This Creator
Popular Quizzes Today
1
Find the US States - No Outlines Minefield
2
Find the Countries of Europe - No Outlines Minefield
3
The Countries of the World
4
Find the US States
5
Risky Map Clicking: Biggest States A-Z
6
US States
7
Popular People in 1961
8
Movies - When Are They Set?
More Sports Quizzes
Most Receiving Yards by a Tight end
Quiz Lab
Trending Quizzes
Risky Map Clicking: Least Populous States A-Z
1-10 Letter G Words
1-10 Letter F Words
Risky Map Clicking: Next State Alphabetically
Click the Washington State Counties! (Map)
Recently Updated
Leaping Animals
pecheneg
Reality TV Shows (A-Z)
bhenderson79
Rickey Henderson's Hall of Fame Teammates
pecheneg
Champions League XIs: Arsenal
pecheneg
Quick Pick: Celebrities in WWE's Hall of Fame
aduchscher
A-Z Keypad Blitz II
pecheneg
Multiple Oscar Actors
pecheneg
Mystery Phrase Blitz: Oscar 'Best Actors'
pecheneg
F. Scott Fitzgerald Novels
LTH
Pick 3 Villains
ddd62291
Trending Topics
Kpop
Disney
Harry Potter
Crossword
Marvel
NBA
Anime
WWE
NFL
Pokémon
Soccer
Puzzle
Song
Country
The Office
Your Account Isn't Verified!
In order to create a playlist on Sporcle, you need to verify the email address you used during registration. Go to your
Sporcle Settings
to finish the process.
Report this User
Report this user for behavior that violates our
Community Guidelines
.
Details:
Send Report
Go to the Sporcle.com Mobile Site →
Comments